Statistiques concernant 28 Objets de la vie courante en 1 min #2

Cliquez ici pour prendre le quiz!

Statistiques générales

  • Ce quiz a été pris 335 fois
  • Le résultat moyen est 16 sur 28

Statistiques - réponses

Réponse% Correct
Marteau
98%
Tigre
93%
Cactus
92%
Cheval
90%
Soleil
90%
Montagne
89%
Renard
87%
Chaton
81%
Pizza
72%
Forêt
71%
Couvert
69%
Vin
67%
Colombe
65%
Lune
57%
Tonneau
55%
Aurore boréale
54%
Voiture
53%
Avion
45%
Café
36%
Macaron
36%
Gaufre
29%
Feuille
24%
Rizière
21%
Ville
21%
Xylophone
17%
Tasse
15%
Carte
14%
Ampoule
12%

Distribution des résultats

Percentile par nombre de réponses

% des personnes avec chaque résultat

Votre développement - résultats

Vous n’avez pas pris ce quiz